000 00531pab a2200181 454500
008 180718b2003 xxu||||| |||| 00| 0 eng d
100 _aOwens, Trudy
245 _aThe impact of agricultural extension on farm production in resettlement areas of Zimbabwe
260 _c2003
300 _ap.337-57.
362 _aJan
650 _aRural extension - Zimbabwe
650 _aAgricultural extension
700 _aKinsey, Bill
700 _aHoddinott, John
773 _aEconomic Development and Cultural Change
909 _a57382
999 _c57382
_d57382